000 00491nam a22001812 4500
001 0000009614
005 20151217145851.0
008 081113s xx 000 0 eng d
040 _aKABU
_cKABU
100 1 _aSinclair, Upton.
_@0000161345
245 1 4 _aThe Jungle /
_cUpton Sinclair.
250 _a1st ed.
260 _aNew York :
_bDoubleday, Page,
_c1906.
300 _a413 p.
852 1 _9p500 KES
908 _a081113
950 _@1
999 _c3479
_d3479